[Event "Madrid-ch Previa-A"]
[Site "Madrid"]
[Date "2009.11.10"]
[Round "4"]
[White "Franco Rincon, David"]
[Black "Martin Prieto, Oscar"]
[Result "0-1"]
[WhiteElo "1824"]
[BlackElo "1967"]
[PlyCount "56"]
[EventDate "2009.11.02"]
[EventType "swiss"]
[EventRounds "9"]
[EventCountry "ESP"]
[SourceTitle "EXT 2010"]
[Source "ChessBase"]
[SourceDate "2010.11.25"]
[SourceVersion "1"]
[SourceVersionDate "2010.11.25"]
[SourceQuality "1"]

1. e4 c5 2. Nc3 g6 3. g3 Bg7 4. Bg2 e6 5. d3 Ne7 6. Be3 d6 7. f4 Nbc6 8. Nf3 Rb8 9. 0-0 b5 10. Qd2 b4 11. Nd1 a5 12. a3 0-0 13. c3 bxc3 14. Nxc3 Qb6 15. Rab1 Ba6 16. Rfd1 Nd4 17. Re1 Nec6 18. Bf2 Rfc8 19. Nxd4 Bxd4 20. Bxd4 Nxd4 21. Kh1 Qb3 22. Rec1 Rb6 23. Bf1 Rcb8 24. Be2 Nxe2 25. Qxe2 d5 26. exd5 exd5 27. Qe5 Re6 28. Qxd5 Bb7 0-1

[Event "Madrid-ch Previa-A"]
[Site "Madrid"]
[Date "2009.11.03"]
[Round "2"]
[White "Beekof Harmsen, Willen"]
[Black "Martin Prieto, Oscar"]
[Result "1-0"]
[WhiteElo "1872"]
[BlackElo "1967"]
[PlyCount "137"]
[EventDate "2009.11.02"]
[EventType "swiss"]
[EventRounds "9"]
[EventCountry "ESP"]
[SourceTitle "EXT 2010"]
[Source "ChessBase"]
[SourceDate "2010.11.25"]
[SourceVersion "1"]
[SourceVersionDate "2010.11.25"]
[SourceQuality "1"]

1. d4 d5 2. Nf3 c6 3. g3 Nf6 4. Bg2 e6 5. c4 Be7 6. 0-0 0-0 7. Nc3 Nbd7 8. Qc2 Re8 9. b3 Qc7 10. Bf4 Qa5 11. c5 Nf8 12. Bd2 Qd8 13. Ne5 N6d7 14. f4 f6 15. Nxd7 Nxd7 16. e4 Nf8 17. exd5 exd5 18. f5 b6 19. b4 a5 20. a3 Ba6 21. b5 Bxb5 22. Nxb5 cxb5 23. cxb6 Rc8 24. Qb3 Qxb6 25. Bxd5+ Kh8 26. Be3 b4 27. Rac1 Bd6 28. Bf2 Qb8 29. a4 Rc7 30. Bc6 Rd8 31. Kg2 Qc8 32. Qf3 Nd7 33. Be3 Nb8 34. Bb5 Rc3 35. Rxc3 bxc3 36. Rc1 Bb4 37. Rc2 Nd7 38. Qc6 Qxc6+ 39. Bxc6 Nb6 40. Kf3 Nc4 41. Ke2 h6 42. d5 Ne5 43. Bb7 Rd7 44. Bc8 Rxd5 45. Be6 Rd8 46. h3 Nc6 47. Bb6 Re8 48. Kd3 Ne5+ 49. Kd4 Nf3+ 50. Kc4 Nd2+ 51. Kd5 Nb3 52. Kc6 Re7 53. Bxb3 Re4 54. Bc5 Bxc5 55. Kxc5 Re5+ 56. Kd4 Rxf5 57. Rxc3 g5 58. g4 Rf4+ 59. Kc5 f5 60. gxf5 Rxf5+ 61. Bd5 Kg7 62. Rd3 Kf6 63. Kb5 Ke7 64. Kb6 h5 65. Bf3 h4 66. Bg4 Re5 67. Rb3 Kd6 68. Rb5 Re8 69. Kxa5 1-0

[Event "ESP-chT2 Gr2"]
[Site "Burguillos"]
[Date "2009.08.06"]
[Round "3"]
[White "Martin Prieto, Oscar"]
[Black "Alcaraz Cordoba, Sergio"]
[Result "0-1"]
[WhiteElo "1985"]
[BlackElo "1877"]
[PlyCount "104"]
[EventDate "2009.08.05"]
[EventType "team-swiss"]
[EventRounds "6"]
[EventCountry "ESP"]
[SourceTitle "CBM 131 Extra"]
[Source "ChessBase"]
[SourceDate "2009.09.03"]
[SourceVersion "2"]
[SourceVersionDate "2009.09.16"]
[SourceQuality "1"]

1. Nf3 d5 2. d4 Nf6 3. Bg5 Nbd7 4. e3 e6 5. Nbd2 Bd6 6. c4 c6 7. Rc1 h6 8. Bh4 0-0 9. Bd3 e5 10. dxe5 Nxe5 11. Nxe5 Bxe5 12. Qc2 Re8 13. 0-0 Bxh2+ 14. Kh1 Bb8 15. Bf5 g5 16. Bg3 Bxg3 17. fxg3 Rxe3 18. cxd5 Nxd5 19. Bh7+ Kg7 20. Nc4 Re6 21. Rf2 Rf6 22. Rcf1 Be6 23. b3 Rxf2 24. Rxf2 Nf6 25. Bd3 Bxc4 26. Bxc4 Qe7 27. Qf5 Rd8 28. a4 Rd4 29. Rf1 Re4 30. Qf2 a6 31. Qb2 Qe5 32. Qf2 b5 33. axb5 axb5 34. Bd3 Re3 35. Bc2 Re2 36. Qf5 Qxf5 37. Bxf5 Rb2 38. Rf3 b4 39. Kh2 Nd5 40. Bd7 c5 41. Bb5 Rd2 42. Bc4 f6 43. Kg1 Rd4 44. Kf2 Nb6 45. Bb5 c4 46. bxc4 Nxc4 47. Rb3 Nd6 48. Bf1 f5 49. Re3 Kf6 50. Ba6 Ne4+ 51. Kg1 Rd1+ 52. Bf1 Nd2 0-1

[Event "Madrid-ch sf-B"]
[Site "Madrid"]
[Date "2009.01.30"]
[Round "6"]
[White "Adan Bermudez, Sergio"]
[Black "Martin Prieto, Oscar"]
[Result "1-0"]
[WhiteElo "2295"]
[BlackElo "2118"]
[PlyCount "75"]
[EventDate "2009.01.15"]
[EventType "swiss"]
[EventRounds "9"]
[EventCountry "ESP"]
[SourceTitle "CBM 128 Extra"]
[Source "ChessBase"]
[SourceDate "2009.03.05"]
[SourceVersion "2"]
[SourceVersionDate "2009.03.25"]
[SourceQuality "1"]

1. c4 e5 2. g3 d6 3. Bg2 Be7 4. Nc3 Nf6 5. d3 0-0 6. e4 c6 7. Nge2 Ne8 8. 0-0 f5 9. exf5 Bxf5 10. d4 exd4 11. Nxd4 Nd7 12. Nxf5 Rxf5 13. Qg4 Rf8 14. Qe6+ Kh8 15. Bf4 Nc5 16. Qe2 Bg5 17. Bxg5 Qxg5 18. b4 Qf6 19. Qd2 Ne6 20. Rad1 Ng5 21. f4 Nf7 22. Rfe1 Qd8 23. Ne4 Qc7 24. Qd4 Rd8 25. Qxa7 b5 26. Qxc7 Nxc7 27. Nc3 bxc4 28. Bxc6 Rb8 29. b5 Nd8 30. Rxd6 Nxc6 31. bxc6 Rfc8 32. Rd4 Rb2 33. Re7 h6 34. Rdd7 Ne8 35. c7 Nxc7 36. Rxc7 Rd8 37. Re2 Rb4 38. Rc2 1-0

[Event "Madrid-ch sf-B"]
[Site "Madrid"]
[Date "2009.01.15"]
[Round "1"]
[White "Garcia Salamero, Gabriel"]
[Black "Martin Prieto, Oscar"]
[Result "0-1"]
[WhiteElo "2027"]
[BlackElo "2118"]
[PlyCount "90"]
[EventDate "2009.01.15"]
[EventType "swiss"]
[EventRounds "9"]
[EventCountry "ESP"]
[SourceTitle "CBM 128 Extra"]
[Source "ChessBase"]
[SourceDate "2009.03.05"]
[SourceVersion "2"]
[SourceVersionDate "2009.03.25"]
[SourceQuality "1"]

1. f4 d5 2. Nf3 Nf6 3. e3 Bg4 4. b3 c6 5. Bb2 Nbd7 6. h3 Bxf3 7. Qxf3 Qc7 8. g4 e5 9. g5 Ne4 10. d3 Nec5 11. d4 exd4 12. Bxd4 Ne6 13. Bb2 0-0-0 14. Nd2 d4 15. 0-0-0 dxe3 16. Qxe3 Bc5 17. Qf3 Qxf4 18. Qxf4 Nxf4 19. Ne4 Rhe8 20. Nxc5 Nxc5 21. Rxd8+ Rxd8 22. Bxg7 b5 23. h4 Ne4 24. Be5 Nf2 25. Rh2 Rd1+ 26. Kb2 Rxf1 27. Bxf4 Ng4 28. Bg3 Nxh2 29. Bxh2 Rf3 30. Bg1 a6 31. Bc5 Rf4 32. h5 Re4 33. Bf8 Re5 34. Bh6 b4 35. a3 a5 36. axb4 axb4 37. Kc1 Rd5 38. c4 bxc3 39. Kc2 Rc5 40. b4 Rc4 41. Bg7 Rxb4 42. Kxc3 Rg4 43. Bf6 Kd7 44. Kd3 Ke6 45. h6 Kf5 0-1

[Event "Madrid Pueblo Nuevo qual"]
[Site "Madrid"]
[Date "2007.06.17"]
[Round "9.3"]
[White "Collado Barbas, Laura"]
[Black "Martin Prieto, Oscar"]
[Result "0-1"]
[WhiteElo "1882"]
[BlackElo "2154"]
[PlyCount "63"]
[EventDate "2007.05.19"]
[EventType "swiss"]
[EventRounds "9"]
[EventCountry "ESP"]
[SourceTitle "EXT 2024"]
[Source "ChessBase"]
[SourceDate "2023.10.10"]
[SourceVersion "1"]
[SourceVersionDate "2023.10.10"]
[SourceQuality "1"]

1. d4 Nf6 2. c4 c5 3. d5 b5 4. cxb5 a6 5. bxa6 Bxa6 6. Nc3 d6 7. e4 Bxf1 8. Kxf1 g6 9. f4 Nfd7 10. Nf3 Bg7 11. Qc2 Na6 12. b3 0-0 13. Bb2 Qb8 14. g3 c4 15. bxc4 Rc8 16. a3 Rxc4 17. Nd2 Rc7 18. Kg2 Nac5 19. Ra2 Na4 20. Ndb1 Qc8 21. Rc1 Ndb6 22. Qd3 Nxb2 23. Rxb2 Na4 24. Rb3 Nc5 25. Qc2 Nxb3 26. Qxb3 Rb8 27. Qc2 Qa6 28. Qd2 Bxc3 29. Nxc3 Qxa3 30. Kf1 Rb2 31. Qd4 Rb4 32. Qd2 0-1

[Event "Madrid Pueblo Nuevo qual"]
[Site "Madrid"]
[Date "2007.05.20"]
[Round "2.4"]
[White "Aziz Ortego, Omar Luis"]
[Black "Martin Prieto, Oscar"]
[Result "0-1"]
[WhiteElo "2112"]
[BlackElo "2154"]
[PlyCount "90"]
[EventDate "2007.05.19"]
[EventType "swiss"]
[EventRounds "9"]
[EventCountry "ESP"]
[SourceTitle "EXT 2024"]
[Source "ChessBase"]
[SourceDate "2023.10.10"]
[SourceVersion "1"]
[SourceVersionDate "2023.10.10"]
[SourceQuality "1"]

1. d4 Nf6 2. c4 c5 3. d5 b5 4. Nd2 Qa5 5. Qc2 bxc4 6. e4 g6 7. Ngf3 Bg7 8. Bxc4 0-0 9. 0-0 d6 10. Rb1 Nbd7 11. b3 Ne8 12. Bb2 Bxb2 13. Qxb2 Nc7 14. Rfe1 f6 15. Nh4 Ba6 16. f4 Nb6 17. Qc2 Nxc4 18. bxc4 e5 19. dxe6 Nxe6 20. Qd3 Nxf4 21. Qxd6 Rad8 22. Qxf4 Qxd2 23. Qg3 Rd3 24. Rbd1 Qxd1 25. Rxd1 Rxg3 26. hxg3 Bxc4 27. Rc1 Bxa2 28. Rxc5 Rf7 29. Kf2 Bb1 30. Ke3 Re7 31. e5 Rxe5+ 32. Rxe5 fxe5 33. Nf3 e4 34. Ne5 Kg7 35. Kd4 Bd3 36. g4 Kf6 37. Nc6 a6 38. g3 Kg5 39. Ne5 a5 40. Kc3 a4 41. Kb4 a3 42. Kxa3 Bb5 43. Kb4 Kf6 44. Nc4 Bxc4 45. Kxc4 Kg5 0-1

[Event "Madrid op"]
[Site "Madrid"]
[Date "2006.10.21"]
[Round "5"]
[White "Aziz Ortego, Omar Luis"]
[Black "Martin Prieto, Oscar"]
[Result "0-1"]
[WhiteElo "2096"]
[BlackElo "2163"]
[PlyCount "108"]
[EventDate "2006.10.06"]
[EventType "swiss"]
[EventRounds "9"]
[EventCountry "ESP"]
[SourceTitle "EXT 2007"]
[Source "ChessBase"]
[SourceDate "2006.11.23"]
[SourceVersion "1"]
[SourceVersionDate "2006.11.23"]
[SourceQuality "1"]

1. d4 c5 2. c3 g6 3. e4 Bg7 4. Nf3 b6 5. Bc4 Bb7 6. 0-0 Nf6 7. e5 Nd5 8. dxc5 e6 9. cxb6 Qxb6 10. Re1 0-0 11. Qd4 Qxd4 12. Nxd4 Rc8 13. Bxd5 Bxd5 14. Nd2 Nc6 15. N2f3 Nxd4 16. Nxd4 Rab8 17. f4 f6 18. exf6 Bxf6 19. Rd1 Rc4 20. Nc2 Be7 21. Kh1 Bc5 22. Ne1 Bd6 23. Nd3 Rf8 24. Be3 g5 25. fxg5 Rh4 26. Bg1 Rg4 27. Rd2 Rf5 28. Nb4 Bxb4 29. cxb4 Rfxg5 30. h3 Rxg2 31. Rxd5 exd5 32. Bxa7 Rxb2 33. Bc5 d4 34. a4 d3 35. Rd1 Rd5 36. a5 d6 37. Be3 Rxb4 38. a6 Ra4 39. a7 Ra2 40. Rd2 Rda5 41. Rxd3 d5 42. Rb3 Kf7 43. Rb7+ Kg6 44. h4 h5 45. Rb8 Kf5 46. Rg8 Ke4 47. Bb6 Ra6 48. Bc5 R6a5 49. Bb6 Ra6 50. Bc5 Kd3 51. Rg5 Kc4 52. Bg1 d4 53. Rxh5 Rxa7 54. Rh8 Rg7 0-1

[Event "Madrid op"]
[Site "Madrid"]
[Date "2006.10.06"]
[Round "1"]
[White "Martin Prieto, Oscar"]
[Black "Prieto Honorato, Jose Carlos"]
[Result "0-1"]
[WhiteElo "2163"]
[BlackElo "1971"]
[PlyCount "72"]
[EventDate "2006.10.06"]
[EventType "swiss"]
[EventRounds "9"]
[EventCountry "ESP"]
[SourceTitle "EXT 2007"]
[Source "ChessBase"]
[SourceDate "2006.11.23"]
[SourceVersion "1"]
[SourceVersionDate "2006.11.23"]
[SourceQuality "1"]

1. c4 d6 2. Nc3 g6 3. g3 Bg7 4. Bg2 c5 5. d3 Nc6 6. e4 Nf6 7. Nge2 0-0 8. 0-0 a6 9. Bg5 Rb8 10. Qd2 b5 11. Rae1 b4 12. Nd1 Nd7 13. f4 h6 14. Bh4 Nd4 15. g4 b3 16. Ndc3 bxa2 17. Nxd4 Bxd4+ 18. Bf2 Qb6 19. Bxd4 cxd4 20. Nd5 Qd8 21. f5 g5 22. f6 Nxf6 23. Nxf6+ exf6 24. Qf2 Bxg4 25. Kh1 Qe7 26. Ra1 Rb3 27. h3 Bd7 28. Rxa2 Rxd3 29. Rxa6 Bxh3 30. Bxh3 Rxh3+ 31. Kg2 Rh4 32. Qxd4 Rxe4 33. Qxf6 Re2+ 34. Kg3 Qe3+ 35. Qf3 Qe5+ 36. Kg4 Re4+ 0-1

[Event "Madrid Pueblo Nuevo 11th"]
[Site "Madrid"]
[Date "2006.05.18"]
[Round "6.4"]
[White "Rodriguez Vignote, Javier"]
[Black "Martin Prieto, Oscar"]
[Result "0-1"]
[WhiteElo "1907"]
[BlackElo "2148"]
[PlyCount "87"]
[EventDate "2006.05.02"]
[EventType "swiss"]
[EventRounds "9"]
[EventCountry "ESP"]
[SourceTitle "EXT 2024"]
[Source "ChessBase"]
[SourceDate "2023.10.10"]
[SourceVersion "1"]
[SourceVersionDate "2023.10.10"]
[SourceQuality "1"]

1. d4 c5 2. c3 Qc7 3. e3 e6 4. Nf3 b6 5. Bd3 Bb7 6. Nbd2 Be7 7. 0-0 f5 8. e4 fxe4 9. Nxe4 Nf6 10. Nxf6+ Bxf6 11. Ng5 g6 12. Nxh7 Ke7 13. Bxg6 Na6 14. h3 Rag8 15. Qh5 Kd8 16. Bg5 Bxg5 17. Qxg5+ Kc8 18. Qh6 Qd8 19. Rfe1 Bxg2 20. Kh2 Bxh3 21. Kxh3 Qf6 22. Nxf6 Rxh6+ 23. Bh5 Rxf6 24. Rg1 Rh8 25. Kh4 Rf5 26. Rg5 Rxf2 27. Rb1 Kc7 28. Kg3 Rhf8 29. Rd1 cxd4 30. Rxd4 Rxb2 31. Rg7 Nc5 32. Bg4 Rxa2 33. Bxe6 Nxe6 34. Rdxd7+ Kc6 35. Rxa7 Rxa7 36. Rxa7 Nc5 37. Re7 Kb5 38. Re3 Kc4 39. Kg2 Rf6 40. Kg3 Nd3 41. Re8 Kxc3 42. Rc8+ Nc5 43. Rb8 Kc4 44. Kg4 0-1